Kristóf György az erdélyiség és romániaiság keresztüzében
Elmentve itt :
| Szerző: | |
|---|---|
| Adatforrás: | Meister |
| Forrásdokumentuma: | Korunk. - 8 sz., 1992, 107-113 p. |
| Nyelv: | magyar |
| Kulcsszavak: | művelődéstörténet politikatörténet politikai intézmények kulturális intézmények sajtó erdélyiség erdélyiség-tudat magyar-román kapcsolatok magyarok (romániai) Erdély, 1920-1939 romániaiság transzilvanizmus erdélyi irodalom Románia Erdély KRISTÓF György RAVASZ László KOVÁCS János MAKKAI Sándor Korunk Erdélyi Irodalmi Szemle Országos Magyar párt (OMP) Erdélyi Múzeum-Egyesület (EME) Erdélyi Irodalmi Társaság (EIT) Pásztortűz Cultura |
| LEADER | 01224nab a2200421 i 4500 | ||
|---|---|---|---|
| 001 | bibPRO00002235 | ||
| 008 | 060524s1992 xx hun | ||
| 040 | |a Sz1 | ||
| 041 | |a hun | ||
| 100 | 1 | |a LENGYEL K. Zsolt | |
| 245 | 1 | 0 | |a Kristóf György az erdélyiség és romániaiság keresztüzében |c LENGYEL K. Zsolt |
| 695 | |a művelődéstörténet | ||
| 695 | |a politikatörténet | ||
| 695 | |a politikai intézmények | ||
| 695 | |a kulturális intézmények | ||
| 695 | |a sajtó | ||
| 695 | |a erdélyiség | ||
| 695 | |a erdélyiség-tudat | ||
| 695 | |a magyar-román kapcsolatok | ||
| 695 | |a magyarok (romániai) | ||
| 695 | |a Erdély, 1920-1939 | ||
| 695 | |a romániaiság | ||
| 695 | |a transzilvanizmus | ||
| 695 | |a erdélyi irodalom | ||
| 695 | |a Románia | ||
| 695 | |a Erdély | ||
| 695 | |a KRISTÓF György | ||
| 695 | |a RAVASZ László | ||
| 695 | |a KOVÁCS János | ||
| 695 | |a MAKKAI Sándor | ||
| 695 | |a Korunk | ||
| 695 | |a Erdélyi Irodalmi Szemle | ||
| 695 | |a Országos Magyar párt (OMP) | ||
| 695 | |a Erdélyi Múzeum-Egyesület (EME) | ||
| 695 | |a Erdélyi Irodalmi Társaság (EIT) | ||
| 695 | |a Pásztortűz | ||
| 695 | |a Cultura | ||
| 773 | 0 | |t Korunk. - |g 8 sz., 1992, 107-113 p. | |